000 00503nam a2200145 a 4500
001 000039604
005 20201002033637.0
008 130709s1996 dr ac 000 0 spa d
040 _aDO-SdBNP
_bspa
_cBNPHU
100 1 _aSelig, Ylander
_965766
245 1 0 _aCuba y Puerto Rico son de un pajaro las dos alas /
_cYlander Seling ; prólogo Miguel Mejía.
260 _aSanto Domingo :
_bImpresos Computarizados,
_c1996.
300 _a57 p. :
_bils., retrs. ;
_c22 cm.
700 1 _aMejía, Miguel,
_epról.
_965767
999 _c39094
_d39094